| 000 | 00450nam a22001817a 4500 | ||
|---|---|---|---|
| 003 | CEME | ||
| 005 | 20210628205401.0 | ||
| 008 | 210315b xxu||||| |||| 00| 0 eng d | ||
| 020 | _a0-582-41300-1 | ||
| 040 | _c. | ||
| 082 | _a621.4021 JOE'T | ||
| 100 |
_aJoer, Rayner _975276 |
||
| 245 | _aThermodynamics level 4 | ||
| 260 |
_aSINGAPORE _bLOGMAN _c1985 |
||
| 300 | _a160P | ||
| 650 |
_aTHERMODYNAMICS HEAT ENGINEERING _958771 |
||
| 942 |
_cBK _2ddc |
||
| 999 |
_c580724 _d580724 |
||